Desplome de la Bolsa de Valores de New York: presagios de tempestad /
Trata la baja sufrida en la bolsa de valores de New York en octubrede 1986. Se analizan las posibles causas externas como la política exterior de Reagan en el Golfo Pérsico se dice que la baja pudo deberse al deficit fiscal del gobierno de los Estados Unidos, sumado al deficit comercial externo. Por...
Salvato in:
| Autore principale: | |
|---|---|
| Natura: | testo |
| Soggetti: | |
| Tags: |
Aggiungi Tag
Nessun Tag, puoi essere il primo ad aggiungerne!!
|
MARC
| LEADER | 00000 a a2200000 04500 | ||
|---|---|---|---|
| 001 | 1761 | ||
| 003 | |||
| 040 | |||
| 100 | |a Vargas Solís, Luis Paulino | ||
| 245 | |a Desplome de la Bolsa de Valores de New York: |b presagios de tempestad / |c Luis Paulino Vargas Solís | ||
| 520 | |a Trata la baja sufrida en la bolsa de valores de New York en octubrede 1986. Se analizan las posibles causas externas como la política exterior de Reagan en el Golfo Pérsico se dice que la baja pudo deberse al deficit fiscal del gobierno de los Estados Unidos, sumado al deficit comercial externo. Por otro lado se la acreditaqn a la evolución económica mundial en los últimos veinte años y a la evolución de la economía estadounidense internacional. OB/agv | ||
| 650 | |a CAPITALISMO | ||
| 650 | |a CONDICIONES ECONOMICAS | ||
| 650 | |a PRECIOS | ||
| 650 | |a EMPRESAS TRANSNACIONALES | ||
| 650 | |a RECESION ECONOMICA | ||
| 650 | |a POLITICA EXTERIOR | ||
| 650 | |a DEFICIT | ||
| 650 | |a INFLACION | ||
| 650 | |a BANCOS | ||
| 773 | |g volumen 7, número 40; páginas 19-21 | ||
| 999 | |c 23267 |d 23267 | ||
